000 00852cam a22002054a 4500
005 20250605164040.0
008 250528s ||||||||||||||||||||||||d
035 _a16965
020 _a63118466
040 _aGR-AtMCL
_bgre
_dGR-AtMCL
_eAACR2
245 1 _aInfancy / Second Edition
250 _a2nd
260 _bBlackwell,
_c1994
300 _a326
520 _aAn excellent advanced undergraduate or graduate level text and a good way for outsiders to the field to obtain an overview. Preface, Acknowledgements, Introduction, Physical and Motor Development before and after Birth, Perceptual Development, Cognitive Development: Piaget and Infancy, Social Development, Research and Theory and Images of Infancy, References, Name and Subject Index.
700 1 _aBremmer Gavin J
_93087
942 _cBK
999 _c2408
_d2408